LEADER 00900nam0-2200289 --450 001 9910219252903321 005 20171010095351.0 010 $a0.08.023240.X 100 $a20171010d1979----km y0itay50 ba 101 0 $aeng 102 $aGB 105 $aa 001yy 200 1 $aStructural analysis and design$esome minicomputer applications$fH. B. Harrison 210 $aOxford [etc.]$cPergamon press$d1979 215 $a2 v.$cill.$d26 cm 225 1 $aStructures and solid body mechanics series 610 0 $aStrutture edilizie$aCalcolo$aImpiego dei microelaboratori 676 $a624.1710285416$v20 700 1$aHarrison,$bHoward Bernard$028691 801 0$aIT$bUNINA$gREICAT$2UNIMARC 901 $aBK 912 $a9910219252903321 952 $aNN 147$b3720$fDINED 952 $aNN 148$b3721$fDINED 959 $aDINED 996 $aStructural analysis and design$9328422 997 $aUNINA